| 000 | 00601nam a22002057a 4500 | ||
|---|---|---|---|
| 005 | 20251108165950.0 | ||
| 008 | 250721s2000 xx 000 0 ara d | ||
| 082 | 1 | 4 | _a371.9/عبد |
| 100 | 1 | _aعبد الهادي، نبيل | |
| 245 | 1 | 0 | _aبطء التعلم و صعوباته / |
| 264 | 1 |
_aعمان : _bدار وائل، _c2000. |
|
| 300 | _a300ص | ||
| 650 | 1 | 7 | _aالتربية الخاصة |
| 650 | 1 | 7 | _aبطء التعلم |
| 650 | 1 | 7 | _aالطلاب غير العاديين |
| 700 | 1 | _aنصر الله، عمر | |
| 700 | 1 | _aشقير، سمير | |
| 942 |
_2ddc _cBK |
||
| 999 |
_c36072 _d36072 |
||